Top 100 Ligue 1 Players XXI Century - Statistics

General Stats
  • This quiz has been taken 1,309 times
  • The average score is 35 of 100
Answer Stats
Rank Player Club Years Goals % Correct
2 Zlatan Ibrahimovic Paris SG 2012-16 113
94%
1 Juninho Lyon 2001-09 75
83%
33 Edinson Cavani Paris SG 2013-20 138
81%
5 Eden Hazard Lille 2007-12 36
76%
10 Karim Benzema Lyon 2005-09 43
76%
3 Pedro Miguel Pauleta Paris SG 2003-08 141
74%
20 Thiago Silva Paris SG 2012-20 9
73%
27 Steve Mandanda Marseille 2007- 0
65%
7 Djibril Cissé Auxerre 1999-04 96
64%
92 Edouard Cissé Paris SG 1997-2007 14
64%
23 Marco Verratti Paris SG 2012- 5
64%
49 Alexandre Lacazette Lyon 2010-17 100
63%
68 Olivier Giroud Montpellier 2010-2012 33
61%
8 Grégory Coupet Lyon 1997-08 0
60%
63 Dimitri Payet Marseille 2013- 80
59%
19 André-Pierre Gignac Marseille 2010-15 102
57%
4 Cris Lyon 2004-12 20
57%
22 Lisandro Lopez Lyon 2009-13 59
57%
40 Yoann Gourcuff Rennes 2003-18 45
56%
24 Didier Drogba Marseille 2003-04 39
55%
45 Hugo Lloris Lyon 2008-12 0
55%
15 Sidney Govou Lyon 1999-10 50
54%
31 Javier Pastore Paris SG 2011-18 29
53%
13 Mamadou Niang Marseille 2005-10 100
51%
16 Blaise Matuidi Paris SG 2011-17 30
50%
6 Mickaël Landreau Nantes 1996-06 0
50%
14 Mathieu Valbuena Marseille 2006-14 36
49%
30 Ronaldinho Paris SG 2001-03 17
49%
28 Sonny Anderson Lyon 1999-03 138
49%
53 Thiago Motta Paris SG 2012-18 8
47%
35 Bafétimbi Gomis Lyon 2009-14 102
46%
9 Florent Malouda Lyon 2003-07 43
46%
21 Ludovic Giuly Monaco 1998-04 85
44%
70 Hatem Ben Arfa Lyon 2004-2008 40
43%
29 Franck Ribéry Marseille 2005-07 13
42%
12 Michael Essien Lyon 2003-05 18
42%
41 Nene Paris SG 2010-13 55
39%
74 Alou Diarra Bordeaux 2007-2011 24
38%
18 Mahamadou Diarra Lyon 2002-06 7
38%
76 Maxwell Paris SG 2012- 9
38%
25 Jérôme Rothen Paris SG 2004-10 22
36%
51 Rio Mavuba Lille 2008-17 6
34%
75 Kévin Gameiro Lorient 2008-2011 76
33%
79 Sylvain Wiltord Bordeaux 1997-2000 95
33%
11 Eric Carrière Nantes 1996-01 28
32%
94 Fernando Morientes Monaco 2003-2004 11
32%
72 Jérémy Ménez Paris SG 2011-2014 38
32%
43 Lucho Gonzalez Marseille 2009-12 15
31%
50 Michel Bastos Lyon 2009-13 51
31%
52 Vitorino Hilton Montpellier 2011- 20
31%
88 Wissam Ben Yedder Toulouse 2010-2016 81
31%
60 Claudio Caçapa Lyon 2000-2007 8
29%
32 Jérémy Toulalan Lyon 2006-11 2
29%
78 Loïc Perrin Saint-Etienne 2003- 27
29%
66 Yohan Cabaye Lille 2004-2011 32
29%
62 Christophe Jallet Paris SG 2009-2014 15
28%
26 Eric Abidal Lyon 2004-07 0
28%
39 Alexander Frei Rennes 2003-06 48
27%
73 Cédric Carrasso Bordeaux 2009- 0
27%
82 Marouane Chamakh Bordeaux 2003-2010 56
27%
38 Souleymane Diawara Marseille 2009-14 14
27%
47 Gervinho Lille 2009-11 37
26%
67 Patric Evra Monaco 2002-2006 2
26%
77 Benoît Cheyrou Marseille 2007-2014 28
25%
64 Mamadou Sakho Paris SG 2007-2013 7
25%
37 Shabani Nonda Monaco 2000-05 88
24%
54 Ulrich Ramé Bordeaux 1997-2011 0
24%
36 André Ayew Marseille 2007-15 47
23%
96 Benoit Pedretti Auxerre 2006-2011 29
23%
17 Gabriel Heinze Paris SG 2001-04 11
23%
55 Kim Kallström Lyon 2006-2012 37
23%
99 Steve Savidan Valenciennes 2004-2008 40
22%
100 Brandao Marseille 2009-2012 36
21%
44 Sylvain Armand Paris SG 2004-13 19
21%
65 Loïc Rémy Marseille 2010-2012 71
20%
61 Taye Taiwo Marseille 2005-2011 17
18%
59 Tiago Lyon 2005-2007 9
18%
69 Mickaël Pagis Sochaux 2001-2004 69
17%
57 Peguy Luyindula Paris SG 2007-2012 86
17%
87 Jaroslav Plasil Bordeaux 2009- 19
16%
90 Jean-Alain Boumsong Auxerre 2000-2004 6
16%
89 Petr Cech Rennes 2002-2004 0
15%
34 Edmilson Lyon 2000-04 4
14%
97 Marama Vahirua Nantes 1998-2004 71
13%
48 Olivier Monterrubio Rennes 2001-06 70
13%
56 Sébastien Squillaci Monaco 2000-2006 19
12%
85 Frédéric Da Rocha Nantes 1995-2009 46
11%
46 Mario Yepes Paris SG 2004-08 10
11%
80 Geraldo Wendel Bordeaux 2006-2011 35
10%
81 Lorik Cana Marseille 2005-2009 8
10%
95 Marcelo Gallardo Monaco 1999-2003 20
10%
84 Pascal Feindouno Saint-Etienne 2004-2008 50
9%
42 Vikash Dhorasoo Lyon 1998-04 16
9%
58 Jérôme Leroy Rennes 2007-2011 45
8%
86 John Utaka Lens 2002-2005 59
8%
91 Viorel Moldovan Nantes 2000-2003 40
8%
98 Camel Meriem Monaco 2005-2009 27
7%
71 Daniel van Buyten Marseille 2001-2004 12
6%
83 Lucas Bernardi Monaco 2001-2009 3
5%
93 Nestor Fabbri Nantes 1998-2002 12
5%
No matching quizzes found
Score Distribution
Percent of People with Each Score
Percentile by Number Answered
Your Score History
You have not taken this quiz